000 00390nam a2200145Ia 4500
008 230917s9999||||xx |||||||||||||| ||und||
040 _e67476
_aMAIN
041 _aEnglish
082 _a615.532 I2I
100 _aGovernment of India
245 0 _aIndian systems of medicine and homeopathy in India
260 _aNew Delhi
_bGovernment of India
_c1987
300 _avi, 280 p.
942 _cBK
999 _c72140
_d72140